| 000 | 01593nam a2200325 i 4500 | ||
|---|---|---|---|
| 001 | 42835 | ||
| 003 | gtgccic | ||
| 005 | 20250923143555.0 | ||
| 007 | ta | ||
| 008 | 250923| gt ||||| |||| 00| 0 spa d | ||
| 040 |
_agtgccic _bspa _cgtgccic _erda |
||
| 084 | _0C-87-2605 | ||
| 100 | 1 | 0 |
_aOchoa Galindo, Marco Vinicio _d1987 _eAutor |
| 245 | 1 | 0 |
_aEstudio de la incidencia del confinamiento del mortero de unión sobre la capacidad a compresión en muros de albañilería / _cMarco Vinicio Ochoa Galindo |
| 264 | 1 |
_aGuatemala, Guatemala : _bUniversidad de San Carlos de Guatemala, Facultad de Ingeniería, _c1987. |
|
| 300 |
_a39 páginas : _bIlustraciones, _c27 cm |
||
| 336 |
_2rdacontenido _aTexto _btxt |
||
| 337 |
_2rdamedio _asin mediación _bn |
||
| 338 |
_2rdasoporte _avolumen _bnc |
||
| 502 |
_aIngeniero Civil, _bTesis de grado, _cUSAC, _d1987. _oC19872605 |
||
| 504 | _aBibliografía página 39 | ||
| 520 | 3 | _aEsta tesis contiene una serie de publicaciones aparecidas en libros y revistas en las cuales se dan los resultados obtenidos por una serie de eminentes investigadores quienes evalúan un medio que permite aumentar la capacidad de soporte, de cargas comprensivas de prismas o muros hechos a base de mampuestos, y que tienen como finalidad última lograr una mejora en la funcionalidad de estos cuando un sismo se presenta. | |
| 546 | _aEspañol | ||
| 650 | 1 | 4 | _aConstrucciones antisísmicas |
| 650 | 1 | 4 | _aMuros en albañilería |
| 650 | 1 | 4 | _aResistencia de materiales |
| 700 | 1 | 0 |
_aRubio Romero, Juan Miguel _eAsesor |
| 942 |
_0tes _cTES _kC19872605 _n0 |
||
| 945 | _aMC | ||
| 999 |
_c2070 _d2070 |
||